=LDR 00000nam 2200000 4500 =001 INLIS000000000010658 =005 20130612102305 =008 ***********************************Ind** =035 ##$$0010-061300000010658 =041 ##$$a Ind =082 ##$$a 2x5.4 =090 ##$$a 2x5.4, Ahm k =100 ##$$a AHMAD, Muhaimin =245 ##$$a Kumpulan do'a lengkap =260 ##$$a 2002 $b Semarang =300 ##$$a xv, 284 hlm, 20 cm =650 ##$$a Do'a (Islam) =700 ##$$a SYA'RONI, Mahmud =850 ##$$a NBPNMAT